| 000 | 00335nam a2200121Ia 4500 | ||
|---|---|---|---|
| 008 | 220120s9999||||xx |||||||||||||| ||und|| | ||
| 082 | _a823 GOM | ||
| 100 |
_aGomdori Co and Hyun Dong, Han _911918 |
||
| 245 | 0 | _aSurvival in the deap sea | |
| 260 |
_aLearn More _bBangalore |
||
| 300 |
_a360p.;28cm _b250 |
||
| 650 | _aCOMMUNICATION SYSTEM | ||
| 999 |
_c137457 _d137457 |
||